[Event "Challenge 66"]
[Site "http://www.queenalice.com/game.php?id=1773647"]
[Date "2021.11.1"]
[Round "-"]
[White "Equiferus"]
[Black "mariesco"]
[Result "1-0"]
[WhiteElo "1737"]
[BlackElo "1539"]

1. d4 d5 2. e3 g6 3. Nf3 Nf6 4. Be2 Bg7 5. O-O Nc6 6. b3 Ne4 7. Bb2 f5 8. Nbd2
O-O 9. c4 e6 10. Ne5 Nxe5 11. dxe5 c5 12. Nf3 b6 13. Rc1 g5 14. h3 g4 15. Nh2 g3
16. Nf3 gxf2+ 17. Kh2 Qe8 18. cxd5 Bh6 19. Qd3 Qg6 20. dxe6 Qg3+ 21. Kh1 Bxe6
22. Nh2 Rad8 23. Qc2 Bxe3 24. Rfd1 Rde8 25. Bf3 Bf4 26. Nf1 Re7 27. Nxg3 Nxg3+
28. Kh2 Nf1+ 29. Kh1 Ne3 30. Qxf2 Nxd1 31. Rxd1 c4 32. Qh4 Rd7 33. Rxd7 Rf7 34.
Rxf7 1-0

[Event "Challenge"]
[Site "http://www.queenalice.com/game.php?id=1776584"]
[Date "2021.12.9"]
[Round "-"]
[White "mariesco"]
[Black "Equiferus"]
[Result "0-1"]
[WhiteElo "1531"]
[BlackElo "1745"]

1. e4 d5 2. Bd3 e6 3. Nf3 Bc5 4. O-O Nf6 5. b3 dxe4 6. Be2 O-O 7. Ne5 Nbd7 8.
Bb2 Nxe5 9. Bxe5 a6 10. d4 Ba7 11. Nc3 b5 12. b4 Nd5 13. Nxe4 Nxb4 14. c3 Nc6
15. Bg3 Ne7 16. Bd3 Nd5 17. Be5 f6 18. Bg3 f5 19. Ng5 Qxg5 20. h4 Qh6 21. f4 Bb7
22. Qd2 Rf6 23. Rab1 Rg6 24. Qf2 Nxc3 25. Ra1 Ne4 26. Qf3 Rxg3 27. Qe2 Bxd4+ 28.
Rf2 Bxf2+ 29. Kf1 Qxf4 30. Bxe4 Be3+ 31. Qf3 Bxe4 32. Qxf4 Bxf4 0-1

[Event "Challenge 68"]
[Site "http://www.queenalice.com/game.php?id=1781106"]
[Date "2022.1.24"]
[Round "-"]
[White "mariesco"]
[Black "Equiferus"]
[Result "0-1"]
[WhiteElo "1524"]
[BlackElo "1688"]

1. d4 d5 2. Nf3 Nf6 3. e3 e6 4. Bd3 Be7 5. O-O O-O 6. Nbd2 c5 7. b3 b6 8. c4 Bb7
9. Bb2 Nc6 10. Ne5 cxd4 11. exd4 dxc4 12. Bxc4 Nxd4 13. Ndf3 Nxf3+ 14. gxf3 Qc7
15. Rc1 Rfd8 16. Qc2 a6 17. a4 a5 18. Rfe1 Nd5 19. Rcd1 Nb4 20. Qe2 Rxd1 21.
Rxd1 Rd8 22. Rd4 Nd5 23. f4 Bc5 24. Rd3 Nxf4 25. Qg4 Nxd3 26. Nxd3 Bf8 27. Nf4
Qc6 28. Bd3 Qh1# 0-1

[Event "Challenge 69"]
[Site "http://www.queenalice.com/game.php?id=1782867"]
[Date "2022.2.15"]
[Round "-"]
[White "Equiferus"]
[Black "mariesco"]
[Result "1-0"]
[WhiteElo "1561"]
[BlackElo "1517"]

1. d4 d5 2. e3 Nf6 3. Nf3 e6 4. Bd3 Bd6 5. O-O O-O 6. b3 b6 7. Bb2 Bb7 8. Nbd2
Nbd7 9. c4 c5 10. Ne5 dxc4 11. Ndxc4 Ne4 12. Nxd6 Nxd6 13. dxc5 bxc5 14. Nxd7
Qxd7 15. Qc2 Qc6 16. f3 f5 17. Rac1 Rac8 18. Be5 Qd5 19. Bb2 g6 20. Qc3 Kf7 21.
Qf6+ Ke8 22. Qg7 Qxd3 23. Rfe1 Rf7 24. Qh8+ Kd7 25. Qe5 c4 26. Qc3 Qxc3 27. Rxc3
Kc7 28. bxc4 Re7 29. Ba3 Rd8 30. c5 Nb5 31. Rb3 a6 32. Bb2 e5 33. e4 Nd4 34. Rc3
Rb8 35. a4 Bc6 36. Ba3 Bxa4 37. Rc4 Bb3 38. Rc3 a5 39. exf5 gxf5 40. Kf2 a4 41.
h3 h5 42. g3 Bd5 43. f4 e4 44. c6 Re6 45. Rd1 e3+ 46. Ke1 Nf3+ 47. Ke2 Rd8 48.
Rxe3 Rxc6 49. Re7+ Rd7 50. Rxd5 Rxe7+ 51. Bxe7 Re6+ 52. Kxf3 Rxe7 53. Ra5 Re4
54. g4 fxg4+ 55. hxg4 h4 56. Kxe4 Kd7 57. Rxa4 Ke6 58. Kf3 1-0